[Event "GBR-ch83"]
[Site "Nottingham"]
[Date "1996.08.14"]
[Round "9.4"]
[White "Buckley, Graeme"]
[Black "McShane, Luke J"]
[Result "1-0"]
[WhiteElo "2370"]
[BlackElo "2385"]
[PlyCount "69"]
[EventDate "1996.08.05"]
[EventType "swiss"]
[EventRounds "11"]
[EventCountry "GBR"]

1. d4 Nf6 2. c4 g6 3. Nc3 Bg7 4. e4 d6 5. f4 O-O 6. Nf3 Nbd7 7. e5 Ne8 8. Qe2
c5 9. d5 e6 (9... Nc7) (9... Nb6 10. Be3 Bg4 11. Bf2 Nd7 12. Bg3 Qa5 13. Qe3
Bxf3 14. gxf3 Nc7 {Marjanovic,S (2505)-Geller,E (2515), Pancevo 1987 (½-½,
67)}) 10. dxe6 fxe6 11. h4 dxe5 12. h5 gxh5 (12... exf4 13. hxg6 hxg6 14. Qxe6+
Rf7 15. Qxg6 Qe7+ 16. Be2 Nf8 $13) 13. Rxh5 exf4 14. Ng5 $6 e5 $2 (14... Ndf6
$1 15. Rh1 (15. Nxe6 Qd6 $1) 15... e5 $17) 15. Ne6 Qf6 16. Nxf8 Nxf8 17. Nd5
Qf7 18. Bd2 Be6 19. O-O-O Bxd5 $6 (19... Qd7 $5) 20. cxd5 Ng6 21. Bc3 Nd6 22.
Qg4 Re8 23. Qh3 b5 24. b3 b4 25. Ba1 h6 26. Rxh6 Bxh6 27. Qxh6 Nf5 $2 (27...
Qg7 $11) 28. Qg5 Nd4 29. Bxd4 (29. Bd3 $16) 29... cxd4 30. Kb2 (30. Bc4 $16)
30... Kg7 31. Rc1 Re7 $4 (31... Qe7 32. Qg4 Qh4 33. Qd7+ Qe7 $11) 32. Rc6 $1
$18 Re8 33. d6 Qe6 34. Rc7+ Kf8 35. Qh6+ {Luke McShane had needed a draw for
his first IM norm} 1-0

[Event "GBR-ch83"]
[Site "Nottingham"]
[Date "1996.08.14"]
[Round "9.5"]
[White "Ferguson, Mark"]
[Black "Dunworth, Christopher"]
[Result "1-0"]
[WhiteElo "2385"]
[BlackElo "2335"]
[PlyCount "133"]
[EventDate "1996.08.05"]
[EventType "swiss"]
[EventRounds "11"]
[EventCountry "GBR"]

1. e4 Nf6 2. e5 Nd5 3. d4 d6 4. Nf3 dxe5 5. Nxe5 g6 6. Bc4 c6 7. Nd2 Bg7 8.
Ndf3 Nd7 9. Nd3 O-O 10. O-O a5 11. a3 Qc7 12. Re1 Re8 13. Bg5 Nf8 14. Bh4 Be6
15. Bg3 Qb6 16. Nde5 Nd7 17. Qe2 Nxe5 18. Bxe5 Bh6 19. Qe4 Bf5 20. Qh4 Bf8 21.
Bf4 Bg7 22. b3 a4 23. Rac1 axb3 24. cxb3 Qd8 25. g4 Bc8 26. Bh6 Bf6 27. Bg5 Bg7
28. a4 Qd6 29. Rc2 Be6 30. Bc1 Bd7 31. Ng5 h6 32. Ne4 Qe6 33. f3 g5 34. Qf2 Qg6
35. Nc5 Bc8 36. Bd3 Qf6 37. Rc4 e6 38. Bb1 Qe7 39. Qc2 Nf6 40. h4 Nd5 41. Qh7+
Kf8 42. Ba3 Nf6 43. Nxe6+ Bxe6 44. Bxe7+ Rxe7 45. Qc2 Bxc4 46. Rxe7 Kxe7 47.
Qxc4 Nd5 48. hxg5 hxg5 49. Be4 Rd8 50. Bxd5 Rxd5 51. Qb4+ Ke6 52. Qxb7 Bxd4+
53. Kf1 Rc5 54. a5 Rc3 55. a6 f6 56. Ke2 Re3+ 57. Kd2 Kd6 58. Qb8+ Kd5 59. Qd8+
Ke5 60. Qe7+ Kf4 61. Qd6+ Be5 62. Qxc6 Bd4 63. Qd6+ Be5 64. Qb4+ Kxf3 65. a7
Re2+ 66. Kd1 Ra2 67. a8=Q+ {Mark Ferguson achieved his final IM norm} 1-0

[Event "GBR-ch83"]
[Site "Nottingham"]
[Date "1996.08.14"]
[Round "9.6"]
[White "Hebden, Mark L"]
[Black "Ansell, Simon T"]
[Result "1-0"]
[WhiteElo "2530"]
[BlackElo "2420"]
[PlyCount "71"]
[EventDate "1996.08.05"]
[EventType "swiss"]
[EventRounds "11"]
[EventCountry "GBR"]

1. d4 Nf6 2. Nf3 e6 3. c4 c5 4. e3 cxd4 5. exd4 d6 6. Nc3 Be7 7. Bd3 b6 8. O-O
Bb7 9. a3 Nbd7 10. b4 O-O 11. Re1 Re8 12. Nd2 Nf8 13. Nb3 Ng6 14. a4 Rc8 15. a5
e5 16. d5 e4 17. Nxe4 Nxe4 18. Rxe4 Bf6 19. Rxe8+ Qxe8 20. Ra2 Ne5 21. a6 Ba8
22. Re2 Qa4 23. b5 Nxc4 24. Qc2 g6 25. Nd4 Qxc2 26. Rxc2 Bxd4 27. Rxc4 Rxc4 28.
Bxc4 Kg7 29. Bg5 Bf6 30. Be3 Bb2 31. Kf1 Kf6 32. Ke2 Ke5 33. Kd3 Ba3 34. g4 {
[#]} g5 $4 35. f4+ $1 gxf4 (35... Kf6 36. Bd4+ Ke7 (36... Kg6 37. f5+ Kh6 38.
Bf6 $18) 37. fxg5 $18) 36. Bd4# 1-0

[Event "GBR-ch83"]
[Site "Nottingham"]
[Date "1996.08.14"]
[Round "9.7"]
[White "Phillips, Roy JN"]
[Black "Emms, John M"]
[Result "0-1"]
[WhiteElo "2120"]
[BlackElo "2500"]
[PlyCount "66"]
[EventDate "1996.08.05"]
[EventType "swiss"]
[EventRounds "11"]
[EventCountry "GBR"]

1. e4 c5 2. Nf3 e6 3. d3 Nc6 4. g3 g6 5. Bg2 Bg7 6. O-O Nge7 7. Re1 d6 8. c3 e5
9. a3 O-O 10. b4 h6 11. Nbd2 Be6 12. Rb1 cxb4 13. cxb4 (13. axb4) 13... b5 14.
Bb2 a5 $15 15. bxa5 Qxa5 16. d4 Nxd4 17. Nxd4 exd4 18. Nf3 Nc6 19. Nxd4 Nxd4
20. Bxd4 Be5 21. f4 (21. Rb4 $11) 21... Rfd8 $1 22. Bb2 (22. Be3) 22... Bxb2
23. Rxb2 Bc4 $17 24. Rd2 Qxa3 25. e5 Bb3 26. Qg4 $2 (26. Qe2 Bc4 27. Qf2 Rab8
$17) 26... dxe5 27. Rde2 Bd1 $19 28. Bxa8 Qa7+ 29. Kg2 Qxa8+ 30. Kh3 Bxe2 31.
Rxe2 exf4 32. Re6 Qc8 33. Rxg6+ fxg6 0-1

[Event "GBR-ch83"]
[Site "Nottingham"]
[Date "1996.08.14"]
[Round "9.8"]
[White "Martin, Andrew D"]
[Black "Hunt, Harriet V"]
[Result "1/2-1/2"]
[WhiteElo "2425"]
[BlackElo "2315"]
[PlyCount "63"]
[EventDate "1996.08.05"]
[EventType "swiss"]
[EventRounds "11"]
[EventCountry "GBR"]

1. d4 Nf6 2. c4 e6 3. Nc3 d5 4. Bg5 Be7 5. e3 O-O 6. Rc1 b6 7. Bxf6 Bxf6 8.
cxd5 exd5 9. Qf3 Be6 10. Bc4 c6 11. Bb3 Na6 12. Nge2 Nc7 13. O-O Qd7 14. h3
Rac8 15. Rfd1 Rfe8 16. Ng3 Bh4 17. Bc2 Bxg3 18. Qxg3 Bf5 19. Bxf5 Qxf5 20. Qg4
Qe6 21. Qxe6 fxe6 22. Rd2 Re7 23. e4 Ne8 24. exd5 cxd5 25. Re1 Kf7 26. Ne2 Nd6
27. Nf4 g5 28. Nd3 Kf6 29. Ne5 h5 30. Rde2 Nf5 31. Nf3 Rc4 32. Rd2 1/2-1/2

[Event "GBR-ch83"]
[Site "Nottingham"]
[Date "1996.08.14"]
[Round "9.9"]
[White "Pert, Richard G"]
[Black "Turner, Matthew J"]
[Result "1-0"]
[WhiteElo "2165"]
[BlackElo "2425"]
[PlyCount "71"]
[EventDate "1996.08.05"]
[EventType "swiss"]
[EventRounds "11"]
[EventCountry "GBR"]

1. e4 c5 2. Nf3 Nc6 3. d4 cxd4 4. Nxd4 g6 5. c4 Bg7 6. Be3 Nf6 7. Nc3 O-O 8.
Be2 b6 9. O-O Bb7 10. f3 Ne8 11. Nxc6 dxc6 12. c5 b5 13. Kh1 Nc7 14. Qe1 Ne6
15. b4 a5 16. a3 Qc7 17. f4 Rfd8 18. e5 Nd4 19. Bxd4 Rxd4 20. Rd1 Rxd1 21. Qxd1
Rd8 22. Qb1 Bc8 23. Rd1 Rxd1+ 24. Qxd1 g5 25. g3 gxf4 26. gxf4 axb4 27. axb4
Bh6 28. Qg1+ Kf8 29. Bd3 f5 30. Ne2 Be6 31. Qe3 Qa7 32. Kg2 Qa2 33. Kg3 Qa3 $2
(33... Qb2 34. Nd4 Bd5 $11) 34. Nd4 $16 Bc4 35. Nxf5 $18 Bg7 36. Bxc4 1-0

[Event "GBR-ch83"]
[Site "Nottingham"]
[Date "1996.08.14"]
[Round "9.10"]
[White "Mason, Donald"]
[Black "Ledger, Andrew J"]
[Result "1-0"]
[WhiteElo "2275"]
[BlackElo "2415"]
[PlyCount "75"]
[EventDate "1996.08.05"]
[EventType "swiss"]
[EventRounds "11"]
[EventCountry "GBR"]

1. d4 Nf6 2. c4 c6 3. Nc3 d5 4. Nf3 dxc4 5. a4 Bg4 6. Ne5 Bh5 7. h3 Na6 8. g4
Bg6 9. Bg2 Nb4 10. e4 $2 (10. O-O Bc2 11. Qd2 Bb3 12. Ne4 Nc2 13. Nc5) 10...
Qxd4 $1 $17 11. Qxd4 Nc2+ 12. Kf1 Nxd4 13. f4 h6 $6 (13... Ng8 $1 14. Nxc4 (14.
f5 $140 f6 $17) 14... f6 $17) 14. f5 Bh7 15. Nxc4 Nb3 16. Rb1 Nxc1 (16... Nd7)
17. Rxc1 Nd7 18. b4 e5 19. Rb1 f6 20. Bf3 Bg8 21. Na5 Rc8 $2 (21... O-O-O $1
22. b5 Nc5 $17) 22. Be2 b6 23. Nc4 b5 $2 24. Na5 a6 25. Kg2 Bd6 26. Rhc1 $44
Nb6 27. Nxc6 Rxc6 28. Nxb5 Rxc1 29. Nxd6+ Kd7 30. Rxc1 Kxd6 31. a5 Na4 $4 (
31... Na8 $5 32. Bxa6 (32. Rc8 Nc7) 32... Bf7 33. Bc8 Be8 $11) (31... Bb3 $5
32. axb6 Rb8 $13) 32. Rc8 $18 Nb2 33. Bxa6 Bc4 34. Rxh8 Bxa6 35. b5 Bb7 36. Kf3
Kc7 37. a6 Bc8 ({The bulletin gives} 37... Bc6 38. b6+ {1-0 but the text looks
more likely.}) 38. b6+ 1-0

[Event "GBR-ch83"]
[Site "Nottingham"]
[Date "1996.08.14"]
[Round "9.11"]
[White "Cobb, James E"]
[Black "Lee, Graham D"]
[Result "0-1"]
[WhiteElo "2260"]
[BlackElo "2375"]
[PlyCount "100"]
[EventDate "1996.08.05"]
[EventType "swiss"]
[EventRounds "11"]
[EventCountry "GBR"]

1. e4 c6 2. Nf3 d5 3. Nc3 Bg4 4. h3 Bxf3 5. Qxf3 e6 6. d3 Bb4 7. Bd2 d4 8. Nb1
Bxd2+ 9. Nxd2 Ne7 10. g3 Qa5 11. Bg2 O-O 12. Qe2 Qb4 13. b3 a5 14. O-O Qb6 15.
f4 Nd7 16. Nf3 e5 17. h4 exf4 18. gxf4 a4 19. Bh3 Nf6 20. Kh1 c5 21. Nh2 Ra6
22. Rac1 axb3 23. axb3 Ra2 24. Rg1 g6 25. Rg2 Rfa8 26. f5 Ra1 27. Rcg1 Rxg1+
28. Rxg1 Ra2 29. h5 Qxb3 30. fxg6 hxg6 31. Qf1 Qb6 32. hxg6 Nxg6 33. e5 Nh5 34.
e6 Qc6+ 35. Nf3 Rxc2 36. exf7+ Kxf7 37. Rg2 Kg7 38. Bf5 Rxg2 39. Qxg2 Qf6 40.
Be4 Nhf4 41. Qg4 b6 42. Ng5 Kh6 43. Nf3 Ne5 44. Nxe5 Qxe5 45. Qd7 Qh5+ 46. Kg1
Qd1+ 47. Kh2 Qe2+ 48. Kh1 Qe1+ 49. Kh2 Qh4+ 50. Kg1 Qg3+ 0-1

[Event "GBR-ch83"]
[Site "Nottingham"]
[Date "1996.08.14"]
[Round "9.12"]
[White "Williams, Simon Kim"]
[Black "Bates, Richard"]
[Result "1/2-1/2"]
[WhiteElo "2350"]
[BlackElo "2315"]
[PlyCount "73"]
[EventDate "1996.08.05"]
[EventType "swiss"]
[EventRounds "11"]
[EventCountry "GBR"]

1. c4 g6 2. Nc3 Bg7 3. d4 Nf6 4. e4 d6 5. f3 O-O 6. Bg5 c5 7. d5 h6 8. Bf4 a6
9. Qd2 Kh7 10. g4 (10. a4 e6 11. g4 exd5 12. cxd5 Re8 13. Be2 h5 14. g5 {
Lautier,J (2645)-Shirov,A (2740), Horgen 1994 (1-0, 30)}) 10... b5 11. cxb5
axb5 12. Bxb5 Ba6 13. Bxa6 Rxa6 14. Nge2 Nbd7 15. O-O Qa5 16. Kg2 Rb8 17. Rab1
Rb4 18. Qc2 Rb7 19. h4 h5 20. g5 Ne8 21. Bd2 c4 22. f4 Nc5 23. f5 Nd3 24. fxg6+
fxg6 25. Nf4 Ne5 26. Ne6 Qb6 27. Nd1 Rxa2 28. Bc3 Nc7 29. Nxg7 Kxg7 30. Qd2 Nb5
31. Qf4 Ra8 32. Bxe5+ dxe5 33. Qxe5+ Kg8 34. Rf2 Qd6 35. Qxd6 Nxd6 36. Nc3 Rab8
37. Rc2 1/2-1/2

[Event "GBR-ch83"]
[Site "Nottingham"]
[Date "1996.08.14"]
[Round "9.13"]
[White "Knott, Simon JB"]
[Black "Mordue, A Tyson"]
[Result "1-0"]
[WhiteElo "2335"]
[BlackElo "2240"]
[PlyCount "67"]
[EventDate "1996.08.05"]
[EventType "swiss"]
[EventRounds "11"]
[EventCountry "GBR"]

1. c4 g6 2. d4 Nf6 3. Nc3 Bg7 4. e4 d6 5. Nf3 O-O 6. Be2 e5 7. O-O Bg4 8. d5
Nh5 9. g3 (9. Bg5) 9... Nd7 (9... a5 10. Rb1 Na6 11. a3 Qe8 12. b4 axb4 13.
axb4 h6 14. b5 Nc5 {Knott,S-Taulbut,S, Lloyds Bank 1977 (0-1, 42)}) 10. Rb1 a5
11. a3 Qe7 12. b4 axb4 13. axb4 Kh8 14. Rb3 Ra1 15. Nb1 f5 16. Ng5 Bxe2 17.
Qxe2 fxe4 18. Ne6 Rf3 19. Nd2 Rxb3 20. Nxb3 Ra4 21. Bd2 Ndf6 22. Na5 b5 23. g4
Nf4 24. Bxf4 exf4 25. g5 bxc4 (25... f3 26. Qe3 Nd7 27. cxb5 $18) 26. gxf6 Qxf6
27. Qxe4 Rxb4 28. Nc6 Ra4 29. Nxf4 Ra8 30. Qxc4 Qf5 31. Ne6 Ra1 32. Rxa1 Bxa1
33. Qf4 Qxd5 34. Qf8# {IM norm for Simon Knott} 1-0

[Event "GBR-ch83"]
[Site "Nottingham"]
[Date "1996.08.14"]
[Round "9.14"]
[White "Wall, Timothy P"]
[Black "Trifunovic, Aleksandar"]
[Result "1/2-1/2"]
[WhiteElo "2320"]
[BlackElo "2250"]
[PlyCount "111"]
[EventDate "1996.08.05"]
[EventType "swiss"]
[EventRounds "11"]
[EventCountry "GBR"]

1. d4 Nf6 2. Bg5 Ne4 3. h4 d5 4. Nd2 Bf5 5. Nxe4 Bxe4 6. f3 h6 7. Bf4 Bh7 8. e3
e6 9. Bd3 Bxd3 10. Qxd3 Nc6 (10... c5) 11. O-O-O Bd6 12. Ne2 O-O 13. Kb1 Ne7
14. g4 c5 15. Bxd6 Qxd6 16. Qa3 b6 17. Nf4 Rfd8 18. c3 e5 19. Nd3 exd4 20. exd4
cxd4 21. Qxd6 Rxd6 22. cxd4 Re6 23. Rc1 Re3 24. Rhe1 Rxe1 25. Nxe1 Rc8 26.
Rxc8+ Nxc8 27. Kc2 Kf8 28. Ng2 Ke7 29. Ne3 Ke6 30. Nf5 Kf6 31. Kc3 Ne7 32. Nd6
Ke6 33. Nb5 a5 34. b4 axb4+ 35. Kxb4 Kd7 36. h5 f5 37. Nc3 Kc6 38. Nd1 fxg4 39.
fxg4 Ng8 40. Ne3 Nf6 41. a4 Ne8 42. a5 bxa5+ 43. Kxa5 Nf6 44. Ka6 Ne8 45. Ka7
Nf6 46. Kb8 Kb6 47. Kc8 Kc6 48. Kd8 Kd6 49. Nf5+ Ke6 50. Ne3 Kd6 51. Nf5+ Ke6
52. Nxg7+ Kf7 53. Nf5 Nxg4 54. Kc7 Ke6 55. Ng7+ Kf6 56. Ne8+ 1/2-1/2

[Event "GBR-ch83"]
[Site "Nottingham"]
[Date "1996.08.15"]
[Round "10.1"]
[White "Ward, Christopher G"]
[Black "Buckley, Graeme"]
[Result "1-0"]
[WhiteElo "2460"]
[BlackElo "2370"]
[PlyCount "162"]
[EventDate "1996.08.05"]
[EventType "swiss"]
[EventRounds "11"]
[EventCountry "GBR"]

1. d4 Nf6 2. c4 d6 3. Nc3 Nbd7 4. e4 e5 5. d5 Be7 6. Bd3 a5 7. Nge2 h5 8. f3
Nc5 9. Bc2 Nfd7 10. Be3 c6 11. Qd2 a4 12. O-O Qa5 13. Rab1 cxd5 14. Nxd5 Qxd2
15. Bxd2 Bd8 16. b4 axb3 17. axb3 Nb6 18. Nec3 Nxd5 19. Nxd5 Be6 20. Ra1 Rc8
21. Be3 Bxd5 22. exd5 Na6 23. Rfb1 g6 24. Bd3 Nb4 25. Rd1 f5 26. Bb1 Rh7 27.
Kf1 Kf7 28. Ke2 Kf6 29. Ra4 Na6 30. Bc2 Nc5 31. Ra3 Bb6 32. Rda1 Re7 33. Ra8
Rxa8 34. Rxa8 Nd7 35. Bd2 Bg1 36. h4 f4 37. Rg8 Rg7 38. Re8 Re7 39. Rxe7 Kxe7
40. Bxg6 Nf6 41. Bb4 Kd7 42. Be1 Kc7 43. g3 fxg3 44. Bxg3 b5 45. Kd3 bxc4+ 46.
Kxc4 Kb6 47. Be1 Bh2 48. Bf2+ Ka6 49. Bf7 Bf4 50. Be1 Kb6 51. Bb4 e4 52. fxe4
Bg3 53. Kd3 Kc7 54. Ba5+ Kc8 55. Bb4 Kc7 56. Ba5+ Kc8 57. Be6+ Kb7 58. Bb4 Kc7
59. Ba5+ Kb7 60. Bd8 Bxh4 61. Be7 Kc7 62. e5 dxe5 63. d6+ Kb6 64. Kc2 Bg5 65.
d7 Nxd7 66. Bxg5 Nc5 67. Be3 Kc6 68. Bxc5 Kxc5 69. Kc3 e4 70. b4+ Kd6 71. Bf7
h4 72. Kd4 h3 73. Bg6 e3 74. Kxe3 Kd5 75. Kd3 h2 76. Be4+ Ke5 77. Bh1 Kd6 78.
Kc4 Kd7 79. Kb5 Kc7 80. Ka6 Kb8 81. b5 Kc8 1-0

[Event "GBR-ch83"]
[Site "Nottingham"]
[Date "1996.08.15"]
[Round "10.2"]
[White "Parker, Jonathan F"]
[Black "Summerscale, Aaron"]
[Result "1-0"]
[WhiteElo "2470"]
[BlackElo "2500"]
[PlyCount "85"]
[EventDate "1996.08.05"]
[EventType "swiss"]
[EventRounds "11"]
[EventCountry "GBR"]
[SourceTitle "Mega Database 2004"]

1. d4 d5 2. c4 c6 3. Nf3 e6 4. Nc3 dxc4 5. Bg5 f6 6. Bh4 b5 7. e4 Bb7 (7... Bb4
8. Be2 Ne7 9. O-O O-O 10. Rc1 Nd7 11. b3 Qa5 12. Nb1 Nb6 {Rowson,J (2558)
-Holmes,D (2290), SCO-ch 2004 (1-0, 49)}) 8. Be2 Be7 9. O-O Nh6 10. a4 a6 11.
Qc2 Qb6 $6 (11... O-O) 12. Rfd1 O-O 13. b3 $1 b4 14. a5 $1 Qd8 15. Na4 c3 16.
Bc4 Bc8 17. Nb6 (17. Bg3 $1) 17... Ra7 18. d5 exd5 19. exd5 Kh8 20. d6 $18 Bxd6
21. Rxd6 $4 (21. Nxc8 $18) (21. Bg3 $18) 21... Qxd6 22. Bg3 Qc5 (22... Qe7 $1
23. Re1 Qc5 $17) 23. Qd1 Bg4 (23... Ng4 $1) 24. Bd6 Bxf3 25. Bxc5 Bxd1 26. Bxf8
c2 27. Bxb4 Nd7 28. Rc1 Ne5 (28... Nf5 $1 $11) 29. Bf1 Nf5 30. Bc5 ({Big/Mega
Database 2020 gives} 30. Bc3 Ng6 31. Nc4 Rd7 32. Na3 {1-0}) 30... Ng6 (30... g5
$11) 31. Nc4 Rd7 32. Na3 Rd2 $2 (32... Nf4 33. Nxc2 Ne2+ 34. Bxe2 Bxe2 $11) 33.
Bb4 Rd4 (33... Rd8) 34. Bc3 Nf4 $1 (34... Rd8 35. g3 $1 $16) 35. Nxc2 Bxc2 $2 (
35... Rd8 $5 36. Bxa6 Be2 37. Bb7 Bb5 $13) 36. Rxc2 $18 Rd5 37. Rd2 h5 38. b4
Nd6 39. Bxa6 Ne4 40. Rxd5 cxd5 41. Bd4 Ne6 42. Bb6 Nd6 43. Bb7 {Source:
bulletin} 1-0

[Event "GBR-ch83"]
[Site "Nottingham"]
[Date "1996.08.15"]
[Round "10.3"]
[White "Sadler, Matthew D"]
[Black "Wilson, Jonathan G"]
[Result "1-0"]
[WhiteElo "2615"]
[BlackElo "2285"]
[PlyCount "69"]
[EventDate "1996.08.05"]
[EventType "swiss"]
[EventRounds "11"]
[EventCountry "GBR"]
[SourceTitle "Mega Database 2004"]

1. d4 d5 2. c4 c6 3. Nf3 Nf6 4. Nc3 e6 5. e3 Nbd7 6. Bd3 dxc4 7. Bxc4 b5 8. Bd3
a6 9. e4 c5 10. d5 c4 11. Bc2 Qc7 12. dxe6 fxe6 13. O-O Bb7 14. Nd4 Nc5 15. Be3
e5 16. Nf5 Ncxe4 (16... g6 17. Nh6 Bg7 18. Qf3 Ne6 19. Qh3 {Morozevich,A (2758)
-Anand,V (2792), Mexico City 2007 (½-½, 61)}) 17. Nxe4 Nxe4 18. a4 Rd8 (18...
Qc6 19. axb5 axb5 20. Rxa8+ Bxa8 21. Qg4 g6 22. Nh6 Nf6 23. Qg3 Bxh6 24. Bxh6
Kf7 25. f4 {Lautier,J (2630)-Kramnik,V (2775), Amber Rapid Monte Carlo 1996 
(½-½, 35)}) 19. Qe2 (19. Qg4) 19... Qc6 20. axb5 axb5 21. Ra7 Rd7 22. Rfa1 (
22. Rxb7 $5 Qxb7 23. Bf4 $1 $16) 22... g6 23. Qf3 $5 gxf5 24. Rxb7 Qxb7 25.
Qxf5 Nf6 $2 (25... Nd6 $1 26. Qxe5+ Re7 $1 27. Qxh8 (27. Qxd6 $2 Rg8 28. g3
Rxe3 $19) 27... Rg7 28. Bg6+ $5 $13) 26. Qxf6 Bg7 27. Qh4 $1 (27. Qe6+ $5 Re7
28. Qf5 Rf8 29. Qh5+ Rff7 30. Bxh7 $18) 27... Rd8 28. Ra7 Qxa7 29. Bxa7 Ra8 30.
Qh5+ Ke7 31. Bc5+ Ke6 32. g3 Bf6 33. Be4 Ra2 34. Qf5+ Kf7 35. Qd7+ 1-0

[Event "GBR-ch83"]
[Site "Nottingham"]
[Date "1996.08.15"]
[Round "10.4"]
[White "Emms, John M"]
[Black "Hebden, Mark L"]
[Result "1/2-1/2"]
[WhiteElo "2500"]
[BlackElo "2530"]
[PlyCount "80"]
[EventDate "1996.08.05"]
[EventType "swiss"]
[EventRounds "11"]
[EventCountry "GBR"]

1. e4 e5 2. Nf3 Nc6 3. Bb5 a6 4. Ba4 Nf6 5. O-O Be7 6. Bxc6 dxc6 7. Qe1 Nd7 8.
b3 c5 9. Bb2 Bd6 10. a4 g5 11. d3 f6 12. Nbd2 Nf8 13. b4 cxb4 14. d4 Ng6 15.
Nc4 O-O 16. dxe5 fxe5 17. Nfxe5 Nxe5 18. Nxe5 Qe7 19. Nc4 Bc5 20. Qe2 Rf4 21.
Ne5 Be6 22. Kh1 Rd8 23. f3 Bd4 24. Bxd4 Rxd4 25. Rad1 Rxd1 26. Rxd1 Rf8 27. Nd3
a5 28. Qe3 Rd8 29. Re1 Bc4 30. Nf2 Be6 31. h4 g4 32. fxg4 Qxh4+ 33. Kg1 h6 34.
Qc5 Rd2 35. Rf1 Qg3 36. Qe7 Bf7 37. e5 Qe3 38. Qxc7 b6 39. Qc8+ Kg7 40. Qf5 Bc4
1/2-1/2

[Event "GBR-ch83"]
[Site "Nottingham"]
[Date "1996.08.15"]
[Round "10.8"]
[White "Dunworth, Christopher"]
[Black "Knott, Simon JB"]
[Result "1/2-1/2"]
[WhiteElo "2335"]
[BlackElo "2335"]
[PlyCount "27"]
[EventDate "1996.08.05"]
[EventType "swiss"]
[EventRounds "11"]
[EventCountry "GBR"]

1. e4 e6 2. d4 d5 3. e5 c5 4. c3 Nc6 5. Be3 Qb6 6. Qd2 f6 7. f4 cxd4 8. cxd4 g5
9. Nf3 g4 10. Nh4 Be7 11. g3 f5 12. Ng2 Bd7 13. h3 Nh6 14. h4 1/2-1/2

[Event "GBR-ch83"]
[Site "Nottingham"]
[Date "1996.08.15"]
[Round "10.9"]
[White "Bates, Richard"]
[Black "Martin, Andrew D"]
[Result "0-1"]
[WhiteElo "2315"]
[BlackElo "2425"]
[PlyCount "58"]
[EventDate "1996.08.05"]
[EventType "swiss"]
[EventRounds "11"]
[EventCountry "GBR"]
[SourceTitle "Mega Database 2004"]

1. d4 d5 2. c4 e6 3. Nf3 b6 4. g3 Nf6 5. Bg2 Be7 6. O-O O-O 7. cxd5 exd5 8. Nc3
Bb7 9. Ne5 Na6 10. Bf4 c5 11. dxc5 bxc5 12. Qb3 Rb8 13. Qa4 (13. Rfd1 Nc7 14.
Qa4) 13... Qc8 14. Nb5 Ra8 15. Rac1 Qe6 16. Nc4 Rfd8 17. Na5 (17. Rfd1) 17...
Bc8 18. Nc7 $6 Nxc7 19. Bxc7 Bd7 20. Qc2 (20. Qf4 Re8 21. Nb3 Qxe2 22. Nxc5 $13
) 20... Re8 $17 21. Nb3 Rac8 22. Bf4 h6 23. Rcd1 Bf8 24. Rfe1 (24. Nc1 a5 $17)
24... Ba4 $1 $19 25. Rc1 Qb6 26. Qf5 Bd7 27. Qc2 c4 28. Na1 Bc5 29. Rf1 g5 0-1

[Event "GBR-ch83"]
[Site "Nottingham"]
[Date "1996.08.15"]
[Round "10.15"]
[White "Turner, Matthew J"]
[Black "Mordue, A Tyson"]
[Result "1-0"]
[WhiteElo "2425"]
[BlackElo "2240"]
[PlyCount "109"]
[EventDate "1996.08.05"]
[EventType "swiss"]
[EventRounds "11"]
[EventCountry "GBR"]

1. c4 g6 2. Nc3 Bg7 3. g3 d6 4. Bg2 e5 5. e3 Nf6 6. Nge2 O-O 7. O-O Re8 8. d3
Nc6 9. h3 Be6 10. e4 Qd7 (10... Nd7 11. Be3 f5 12. b3 f4 {Forintos,G-Nicevski,
R, Athens Zonal 1969 (0-1, 32)}) 11. Kh2 Ne7 12. f4 Kh8 (12... h5) (12... c6)
13. g4 exf4 14. Nxf4 c5 15. Ncd5 Nfg8 16. Rb1 Nc6 17. b4 Nd4 18. Bb2 Be5 19.
Kh1 Rab8 20. Ne2 Qd8 21. Nxd4 cxd4 22. Qe1 h5 $6 23. gxh5 Qg5 24. Qf2 (24. hxg6
$5) 24... Qxh5 25. Nf4 $16 Qh7 26. Bxd4 Bd7 27. Kg1 b6 28. Rb2 Rf8 29. c5 Qg7
30. Bxe5 dxe5 31. Nd5 Bc6 32. Qh4+ Qh7 33. Qxh7+ Kxh7 34. Rb3 Kg7 35. Rc1 b5
36. Ra3 Rb7 37. Ra6 Rc8 38. Rc3 Ne7 39. Rca3 $18 Be8 40. Rxa7 (40. Nxe7 Rxe7
41. Rxa7 $18) 40... Rxa7 41. Rxa7 Nc6 42. Ra6 Nd4 43. Kf2 Rb8 44. h4 Bd7 45.
Bf3 Rh8 46. Kg3 Bc8 47. Rb6 Bd7 48. Bg4 Bxg4 49. Kxg4 Ra8 50. Nc3 Ra3 51. Nxb5
f5+ 52. exf5 gxf5+ 53. Kg5 Nf3+ 54. Kxf5 Rxd3 55. c6 1-0

[Event "GBR-ch83"]
[Site "Nottingham"]
[Date "1996.08.15"]
[Round "10.17"]
[White "Tebb, David J"]
[Black "Pert, Nicholas"]
[Result "1/2-1/2"]
[WhiteElo "2320"]
[BlackElo "2195"]
[PlyCount "61"]
[EventDate "1996.08.05"]
[EventType "swiss"]
[EventRounds "11"]
[EventCountry "GBR"]

1. e4 e6 2. d4 d5 3. Nd2 Nf6 4. Bd3 c5 5. e5 Nfd7 6. c3 Nc6 7. Ne2 cxd4 8. cxd4
f6 9. exf6 Nxf6 10. Nf3 Bd6 11. O-O Qb6 12. Nc3 O-O 13. a3 Bd7 14. Be3 Be8 15.
Ne5 Bh5 (15... Bxe5 16. dxe5 Qxb2 17. exf6 Qxc3 18. fxg7 Qxg7 19. Qd2 Ne5 20.
Be2 $44) 16. g4 $5 (16. Qd2 Ng4 17. Nd7 Bxh2+ 18. Kh1 Qc7 19. Nxf8 Rxf8 20. g3
$16) 16... Be8 17. Na4 Qa5 (17... Qd8 $5) 18. b4 Qc7 19. Nxc6 (19. f4 Nxe5 20.
dxe5 $1 $14) 19... Bxc6 (19... Qxc6 20. b5 Qc7 $15) 20. Nc5 Qe7 21. g5 Ne4 22.
Qg4 Bxc5 23. bxc5 (23. dxc5 $5 $13) 23... e5 24. f3 exd4 25. fxe4 $2 (25. Bc1
$1 $13) 25... dxe3 26. exd5 e2 $2 (26... Rxf1+ $1 27. Rxf1 e2 28. Bxe2 Qxc5+
29. Rf2 Bxd5 $19) 27. Rxf8+ Rxf8 28. Qe6+ $1 Qxe6 29. dxe6 Bd5 30. Re1 Re8 31.
Rxe2 1/2-1/2

[Event "GBR-ch83"]
[Site "Nottingham"]
[Date "1996.08.15"]
[Round "10.19"]
[White "Molyneux, John"]
[Black "Cobb, James E"]
[Result "1-0"]
[WhiteElo "2170"]
[BlackElo "2260"]
[PlyCount "65"]
[EventDate "1996.08.05"]
[EventType "swiss"]
[EventRounds "11"]
[EventCountry "GBR"]

1. f4 g6 2. Nf3 Bg7 3. e4 c5 4. Be2 Nc6 5. O-O d6 6. d3 Nf6 7. c3 O-O 8. Na3
Rb8 9. Nc4 (9. Nc2) 9... b5 10. Ne3 b4 (10... Ng4 11. Qe1 b4 12. f5 Nxe3 13.
Bxe3 bxc3 14. bxc3 Qa5 15. Bd2 Rb2 {Doluhanova,E (2229)-Mammadzada,G (2443),
Chess.com 2020 (1-0, 47)}) 11. c4 e6 12. Qe1 Nd4 13. Nxd4 cxd4 14. Ng4 Nxg4 15.
Bxg4 Ba6 16. f5 exf5 17. exf5 d5 18. Bf4 dxc4 $5 19. Bxb8 Qxb8 20. f6 Bh6 21.
Rf3 Re8 (21... c3 $1 $44) 22. Qh4 Be3+ 23. Kh1 (23. Rxe3 $5) 23... Qe5 (23...
c3 $1 $19) 24. Bd7 Rd8 25. Re1 cxd3 $4 (25... h5 $1 $19) 26. Rexe3 $1 $18 Qc5
27. Re1 d2 28. Rd1 Be2 (28... Rxd7 29. Qh6 Qf8 30. Qxf8+ Kxf8 31. Rxd2 $18) 29.
Qh6 Qf8 30. Qxf8+ Kxf8 31. Ba4 $1 Bxd1 32. Bxd1 Re8 33. Kg1 1-0